|
|
|
|
| LEADER |
00000nab a2200000 a 4500 |
| 001 |
vtls000707820 |
| 003 |
SK-MaSNL |
| 005 |
20260318114654.0 |
| 008 |
141024c1999 xo 0 hun |
| 015 |
|
|
|a SNBRB1999/10-13423
|
| 035 |
|
|
|a CLN000059987
|
| 040 |
|
|
|a SNKBUCL
|b slo
|c SNKBUCL
|e AACR2
|
| 041 |
0 |
|
|a hun
|
| 044 |
|
|
|a xo
|c SK
|
| 080 |
|
|
|a 37-051
|2 1997
|
| 080 |
|
|
|a 371.124
|2 1997
|
| 080 |
|
|
|a 929 Oláh Imréné Domonkos, Ilona
|2 1997
|
| 100 |
1 |
|
|a Dusza, István,
|d 1951-2002
|4 ivr
|9 107816
|
| 245 |
1 |
0 |
|a Sorsvállalás
|b beszélgetés Oláh Imrénével
|c [beszélgetett] Dusza István
|
| 300 |
|
|
|b Fotogr.
|
| 600 |
1 |
7 |
|a Oláh Imréné Domonkos, Ilona,
|d 1936-
|2 snkbucl
|9 1040302
|
| 651 |
|
7 |
|a Komárno (Slovensko : okres)
|2 snkbucl
|9 15954
|
| 655 |
|
7 |
|a články z novín a časopisov
|2 snkbucl
|9 267496
|
| 700 |
1 |
|
|a Oláh Imréné Domonkos, Ilona,
|d 1936-
|4 aut
|9 1040302
|
| 773 |
0 |
|
|t Katedra
|g Roč. 7, č. 2 (1999), s. 10
|
| 850 |
|
|
|a Slovenská národná knižnica v Martine
|
| 852 |
|
|
|a SNK
|b KIS3GCP
|
| 958 |
|
|
|a HU
|
| 958 |
|
|
|a SK
|
| 958 |
|
|
|a BX
|
| 999 |
|
|
|c 3328513
|d 3330443
|